| 000 -Etiqueta do registo | |
|---|---|
| campo de controlo de comprimento fixo | 006320000a22002050004500 |
| 001 - Identificador do registo | |
| Campo de controlo | 27022 |
| 010 ## - ISBN | |
| Número (ISBN) | 972-202909-6 |
| 100 ## - Dados Gerais de Proc. | |
| Dados gerais de processamento | 20070309d2004 m y0pory5003 ba |
| 101 0# - Língua da publicação | |
| Língua do texto, banda sonora, etc. | Português |
| 102 ## - País de Publicação | |
| País de publicação | Portugal |
| 200 1# - Título | |
| Título próprio | As origens do totalitarismo |
| Primeira menção de responsabilidade | Hannah Arendt |
| Outras menções de responsabilidade | tradução de Roberto Raposo |
| 210 ## - Publicação, Distribuição | |
| Lugar da edição, distribuição, etc. | Lisboa |
| Nome do editor, distribuidor, etc. | Dom Quixote |
| Data da publicação, distribuição, etc. | 2004 |
| 215 ## - Descrição física | |
| Descrição física | 674 p |
| 304 ## - Título e responsabilidade | |
| Texto da nota | Tit. orig.: The origins of totalitarism |
| 675 ## - CDU | |
| Notação | 321.6 |
| Edição | BN |
| Língua da edição | Português |
| 700 #1 - Responsabilidade principal | |
| Palavra de ordem | Arendt |
| Outra parte do nome | Hannah |
| Datas | 1906-1975 |
| 702 #1 - Responsabilidade secundária | |
| Koha Internal Code | 38242 |
| Código de função | Tradutor |
| Palavra de ordem | Raposo |
| Outra parte do nome | Roberto |
| 090 ## - Números de controlo do sistema (Koha) | |
| Número biblioitem do Koha (gerado automaticamente) | 27022 |
| 942 ## - Elementos de entrada adicionados (Koha) | |
| Tipo de item no Koha | Monografias |
| Suprimido | Disponível no OPAC |
| 999 ## - Campo local | |
| Campo local | 27022 |
| -- | Bibliobase - BMTAV |
| -- | 2019-01-21 |
| Removido (estado) | Perdido (estado) | Data de aquisição | Origem do registo (biblioteca) (codificado) | Código da organização que empresta ou é detentora (biblioteca) | Código de barras | Local | Número de inventário | Cota | Data de empréstimo ou depósito | Tipo de circulação (não pode ser emprestado) | Tipo de item e material |
|---|---|---|---|---|---|---|---|---|---|---|---|
| Disponível | Disponível | 2007-03-09 | Biblioteca Municipal Álvaro de Campos | Biblioteca Municipal Álvaro de Campos | BMTAV44739 | Sala de Adultos | 44739 | FB1 ARE | 2019-08-26 | Normal | Monografias |